Tento rok je svetový deň diabetu venovaný retinopatii Novo Nordisk spúšťa informačnú kampaň pre verejnoť

Bibliographic Details
Main Author: Lacka, Jozef (Author)
Format: Article
Language:Slovak
ISSN:1335-5821
Subjects:

MARC

LEADER 00000nab a2200000 a 4500
001 vtls000828577
003 SK-MaSNL
005 20260304175338.0
008 250429c2002 xo 0 slo
015 |a SNBRB2003/03-08649 
035 |a CLN000180232 
035 |a urn:nbn:sk:snk-abppn 
035 |a (urnnbn)urn:nbn:sk:snk:ar-a03x8z 
035 |a (uuid)6de2c0c1-9a72-44e0-83d3-fc4b40f97b47 
040 |a SNKBUCL  |b slo  |c SNKBUCL  |e AACR2 
041 0 |a slo 
044 |a xo  |c SK 
080 |a 617.735-02:616.379-008.64  |2 1997 
100 1 |a Lacka, Jozef  |4 aut  |9 220165 
245 1 0 |a Tento rok je svetový deň diabetu venovaný retinopatii  |b Novo Nordisk spúšťa informačnú kampaň pre verejnoť  |c Jozef Lacka 
650 0 7 |a diabetes mellitus  |2 SNKPH  |9 72741 
650 0 7 |a diagnóza  |2 SNKPH  |9 2604 
650 0 7 |a slepota  |2 SNKPH  |9 14632 
650 0 7 |a Svetová zdravotnícka organizácia  |2 SNK  |9 15128 
650 0 7 |a svetový deň diabetu  |2 SNK  |9 1507649 
650 0 7 |a etiológia  |2 SNKPH  |9 20150 
650 0 7 |a diabetická retinopatia  |2 SNKPH  |9 99144 
655 7 |a články z novín a časopisov  |2 SNK  |9 267496 
773 0 |t Lekárnické listy  |g Roč., č. 12 (2002), s. 36  |x 1335-5821 
850 |a Slovenská národná knižnica 
852 |a Slovenská národná knižnica 
954 |a odborná, vedecká literatúra pôvodná (slovenská)  |2 lita 
958 |a article27 
958 |a OND 
958 |a MI 
958 |a EUIPO 
992 |a RBX 
999 |c 3013099  |d 3015029